[Event "13sen.WMD 2003 Seniorinnen"]
[Site "Bad Zwischenahn(17.11.-27.11)"]
[Date "2003.11.26"]
[Round "8.3"]
[White "Abdikasova, Panno"]
[Black "Erenska-Barlo, Hanna"]
[Result "0-1"]
[WhiteElo "2006"]
[BlackElo "2247"]
[PlyCount "72"]
[EventDate "2003.11.??"]

1. d4 Nf6 2. c4 e6 3. a3 b6 4. Nc3 Bb7 5. Bg5 Be7 6. e3 O-O 7. f3 d5 8. cxd5
exd5 9. Bd3 Re8 10. f4 c5 11. Kf2 cxd4 12. exd4 Nc6 13. Nf3 h6 14. Bxf6 Bxf6
15. Bb5 a6 16. Bxc6 Bxc6 17. Re1 Rxe1 18. Qxe1 Qd6 19. Qd2 Bd7 20. Re1 b5 21.
Ne5 a5 22. Ne2 Bd8 23. Rc1 Be8 24. Nd3 Bd7 25. h3 Bf5 26. Nc5 Bf6 27. g4 Be4
28. Nxe4 dxe4 29. Ke3 g5 30. f5 Qh2 31. Rg1 Qxh3+ 32. Rg3 Kg7 33. Kxe4 Re8+ 34.
Kd3 Bxd4 35. f6+ Bxf6 36. Re3 Rd8+ 0-1

[Event "13sen.WMD 2003 Seniorinnen"]
[Site "Bad Zwischenahn(17.11.-27.11)"]
[Date "2003.11.26"]
[Round "8.4"]
[White "Saunina, Ludmilla"]
[Black "Fatalibekova, Elena"]
[Result "0-1"]
[WhiteElo "2278"]
[BlackElo "2291"]
[PlyCount "102"]
[EventDate "2003.11.??"]

1. e4 c6 2. d4 d5 3. Nc3 dxe4 4. Nxe4 Nf6 5. Nxf6+ exf6 6. g3 Bd6 7. Bg2 O-O 8.
Ne2 Bf5 9. O-O Na6 10. a3 Re8 11. c4 Be4 12. f3 Bf5 13. Kh1 Nc7 14. Nc3 h6 15.
Ne4 Bf8 16. Re1 b5 17. b3 Be6 18. Bf1 f5 19. Nf2 a5 20. Bf4 Bd6 21. Be3 a4 22.
d5 Nxd5 23. cxd5 Bxd5 24. b4 Be5 25. Bg2 Bxa1 26. Qxa1 Qd7 27. Qc3 Kf8 28. Rd1
Qe6 29. Bd4 Qe2 30. Rc1 f6 31. Nh3 Qc4 32. Qa1 Qa2 33. Qc3 Qb3 34. Nf4 Qxc3 35.
Bxc3 Bc4 36. Kg1 Kf7 37. h4 g5 38. Nh3 Re3 39. f4 g4 40. Nf2 Rxg3 41. Nh1 Rd3
42. Nf2 Rd6 43. Nh1 Rad8 44. Rb1 Rd1+ 45. Rxd1 Rxd1+ 46. Kf2 Rd3 47. Be1 Rxa3
48. Ng3 Ke6 49. Bxc6 Rb3 50. Bb7 a3 51. Bc8+ Kf7 0-1

[Event "13sen.WMD 2003 Seniorinnen"]
[Site "Bad Zwischenahn(17.11.-27.11)"]
[Date "2003.11.26"]
[Round "8.5"]
[White "Macek, Vlasta"]
[Black "Gumilevskaja, Galina"]
[Result "1-0"]
[WhiteElo "2211"]
[BlackElo "2083"]
[PlyCount "135"]
[EventDate "2003.11.??"]

1. d4 c5 2. d5 e5 3. e4 Nf6 4. Nc3 d6 5. Nf3 Be7 6. Be2 O-O 7. O-O Na6 8. Nd2
Nc7 9. a4 a6 10. Re1 b6 11. Nf1 Bd7 12. Ng3 Rb8 13. Be3 Nfe8 14. Bg4 g6 15. Bh6
Ng7 16. Bxd7 Qxd7 17. Qd3 f5 18. Bxg7 Kxg7 19. exf5 gxf5 20. f4 e4 21. Qe2 Kh8
22. Nf1 Rg8 23. Ne3 Rbf8 24. Kh1 Bf6 25. Ncd1 b5 26. c3 Qf7 27. axb5 axb5 28.
Nxf5 Qxd5 29. Nh6 Rg6 30. Ne3 Qc6 31. Nhg4 d5 32. Nxf6 Qxf6 33. g3 Rfg8 34. Ng2
Re8 35. Rad1 Rg7 36. Ne3 Qe6 37. Qh5 Rd8 38. Qf5 Qg8 39. Qf6 Qf8 40. Qxf8+ Rxf8
41. Nxd5 Rd8 42. Nxc7 Rxd1 43. Rxd1 Rxc7 44. Kg2 Kg7 45. Kf2 b4 46. Ke3 Kf6 47.
Rd5 bxc3 48. bxc3 c4 49. Kxe4 Re7+ 50. Kd4 Re2 51. Kxc4 Rxh2 52. Kc5 h5 53. c4
Rh3 54. Kc6 Rxg3 55. Rxh5 Rg4 56. Kd6 Rxf4 57. c5 Rd4+ 58. Rd5 Ra4 59. Rd1 Kf7
60. Re1 Rd4+ 61. Kc7 Rc4 62. c6 Rc2 63. Kd7 Rd2+ 64. Kc8 Rc2 65. c7 Rc3 66. Re4
Rc2 67. Kb7 Rb2+ 68. Kc6 1-0

[Event "13sen.WMD 2003 Seniorinnen"]
[Site "Bad Zwischenahn(17.11.-27.11)"]
[Date "2003.11.26"]
[Round "8.6"]
[White "Lein, Marina"]
[Black "Beliaeva, Natalia"]
[Result "1/2-1/2"]
[WhiteElo "1970"]
[BlackElo "2097"]
[PlyCount "67"]
[EventDate "2003.11.??"]

1. c4 e6 2. e3 d5 3. Nf3 Nf6 4. b3 c5 5. Bb2 Nc6 6. d4 cxd4 7. Nxd4 Bb4+ 8. Bc3
Be7 9. Be2 O-O 10. O-O Ne4 11. Bb2 dxc4 12. Nxc6 bxc6 13. Qc2 Nd6 14. Bxc4 Nxc4
15. Qxc4 Qd5 16. Qc2 Rd8 17. Na3 Bb7 18. e4 Qg5 19. Nc4 Rac8 20. Rad1 c5 21. f4
Qg6 22. Rde1 f6 23. Rf3 Rd7 24. Rg3 Qf7 25. f5 e5 26. Bxe5 fxe5 27. Nxe5 Qe8
28. Nxd7 Qxd7 29. Rd1 Qe8 30. Qc4+ Kh8 31. e5 Rd8 32. Rxd8 Bxd8 33. e6 Bc6 34.
a4 1/2-1/2

[Event "13sen.WMD 2003 Seniorinnen"]
[Site "Bad Zwischenahn(17.11.-27.11)"]
[Date "2003.11.26"]
[Round "8.7"]
[White "Richter, Hildegard"]
[Black "Abolina, Arija-Solvei"]
[Result "1-0"]
[WhiteElo "1713"]
[BlackElo "1793"]
[PlyCount "109"]
[EventDate "2003.11.??"]

1. d4 Nf6 2. Bg5 e6 3. Nf3 Be7 4. e3 b6 5. Nbd2 Ba6 6. c4 O-O 7. Bd3 d5 8. Qc2
dxc4 9. Nxc4 g6 10. Bh6 Re8 11. O-O c5 12. Nce5 Bxd3 13. Qxd3 cxd4 14. Ng5 Qd5
15. exd4 Nc6 16. Ngxf7 Qxd4 17. Qxd4 Nxd4 18. Rfd1 Nf5 19. Bf4 Nd5 20. Bg5 Rac8
21. Nh6+ Nxh6 22. Bxh6 Bf6 23. Re1 Rc2 24. Rab1 Nb4 25. Ng4 Bxb2 26. Rxb2 Rxb2
27. Nf6+ Kf7 28. Nxe8 Kxe8 29. a3 Nd3 30. Rd1 Nxf2 31. Rf1 Ng4 32. Bg7 Kd7 33.
Bxb2 Nh6 34. Rd1+ Kc6 35. h3 Nf5 36. Kf2 Ne7 37. g4 Nd5 38. Kf3 b5 39. Rc1+ Kd6
40. Ke4 a6 41. Be5+ Kd7 42. Rc5 h5 43. gxh5 gxh5 44. Rxd5+ exd5+ 45. Kxd5 a5
46. Bc3 a4 47. Ke5 Ke7 48. Kf5 Kf7 49. h4 Kf8 50. Kg6 Kg8 51. Kxh5 Kh7 52. Kg5
Kg8 53. Kg6 b4 54. Bxb4 Kh8 55. Bc3+ 1-0

[Event "13sen.WMD 2003 Seniorinnen"]
[Site "Bad Zwischenahn(17.11.-27.11)"]
[Date "2003.11.26"]
[Round "8.8"]
[White "Hartlaub, Marianne"]
[Black "Korneeva, Tamara"]
[Result "0-1"]
[WhiteElo "1536"]
[BlackElo "1879"]
[PlyCount "160"]
[EventDate "2003.11.??"]

1. Nf3 d5 2. c4 Nf6 3. g3 Nc6 4. cxd5 Qxd5 5. Nc3 Qd8 6. Bg2 e6 7. O-O a6 8. a3
Bd6 9. b4 O-O 10. Bb2 Rb8 11. Re1 Ne7 12. e4 e5 13. h3 b5 14. d4 Nd7 15. Qc2
Ng6 16. Rad1 exd4 17. Nxd4 Ne7 18. f4 c5 19. bxc5 Bxc5 20. Nce2 Qb6 21. Kh2 Bb7
22. Nf3 Nf6 23. Ne5 Rbc8 24. Qb1 Rfd8 25. Rxd8+ Rxd8 26. Qa2 Rf8 27. Nc1 Nc6
28. Ncd3 Bd4 29. Qa1 Bxb2 30. Qxb2 Nxe5 31. Nxe5 Bc8 32. Rd1 Be6 33. g4 Qe3 34.
f5 Bc8 35. Rd4 Qf4+ 36. Kg1 Qxe5 37. Qd2 Qe7 38. Kh2 Qc7+ 39. Kh1 Nd7 40. g5
Ne5 41. Qf4 Qe7 42. f6 Qe6 43. fxg7 Kxg7 44. h4 Ng6 45. Qf2 Qe5 46. Rd5 Qf4 47.
Qd4+ Kg8 48. h5 Qh4+ 49. Kg1 Qxh5 50. Qf6 Be6 51. Rd8 Rxd8 52. Qxd8+ Nf8 53.
Qa8 Qd1+ 54. Kh2 Qd6+ 55. Kh1 Qxa3 56. e5 Qa1+ 57. Kh2 Qxe5+ 58. Kg1 Qxg5 59.
Kh1 Qh6+ 60. Kg1 Bc4 61. Qb8 Kg7 62. Qg3+ Ng6 63. Qc3+ Kg8 64. Qa5 Qe3+ 65. Kh2
Qe5+ 66. Kh1 Qf6 67. Qc7 Bf1 68. Kg1 Bxg2 69. Kxg2 Nf4+ 70. Kg3 Qg5+ 71. Kf3
Ne6 72. Qc8+ Kg7 73. Qxa6 Qf4+ 74. Ke2 Nd4+ 75. Kd3 Qf6 76. Qb7 Qd6 77. Ke3
Qe5+ 78. Kd3 h5 79. Qh1 Kh6 80. Qc1+ Qg5 0-1

[Event "13sen.WMD 2003 Seniorinnen"]
[Site "Bad Zwischenahn(17.11.-27.11)"]
[Date "2003.11.26"]
[Round "8.9"]
[White "Kohls, Vera"]
[Black "Froeling, Philippa"]
[Result "1-0"]
[WhiteElo "1720"]
[BlackElo "1316"]
[PlyCount "101"]
[EventDate "2003.11.??"]

1. d4 d5 2. Nf3 Nd7 3. Bg5 Ngf6 4. Nbd2 g6 5. e3 Bg7 6. Bd3 O-O 7. c3 c5 8. O-O
c4 9. Bc2 Re8 10. Ba4 a6 11. e4 dxe4 12. Ne5 b5 13. Bc2 Bb7 14. Nxd7 Qxd7 15.
Re1 Qf5 16. Be3 Ng4 17. Nf1 Qe6 18. Bc1 f5 19. f3 Nf6 20. Bg5 Qd5 21. Bxf6 exf6
22. Ne3 Qc6 23. f4 Qd7 24. g3 g5 25. Qh5 h6 26. Qh3 Bc8 27. Rf1 g4 28. Qg2 Bb7
29. Kf2 Kf7 30. h3 h5 31. h4 Kg6 32. Rfd1 Bd5 33. Qf1 Qe6 34. Rdb1 a5 35. b3
Rec8 36. Qe1 Bf8 37. bxc4 bxc4 38. Rb5 Rd8 39. Rab1 Rd6 40. Qc1 Raa6 41. Rb8
Be7 42. Ba4 Bc6 43. Bxc6 Rdxc6 44. d5 Qf7 45. dxc6 Rxc6 46. R8b7 Qe6 47. R1b5
Bc5 48. Kg2 Rb6 49. R7xb6 Bxb6 50. Qd2 Bxe3 51. Qxe3 1-0

[Event "13sen.WMD 2003 Seniorinnen"]
[Site "Bad Zwischenahn(17.11.-27.11)"]
[Date "2003.11.26"]
[Round "8.10"]
[White "Brockmeyer, Helga"]
[Black "Hoose, Hannelore"]
[Result "0-1"]
[WhiteElo "1168"]
[BlackElo "1671"]
[PlyCount "131"]
[EventDate "2003.11.??"]

1. d4 Nf6 2. c4 e6 3. Nf3 d5 4. Nbd2 c5 5. g3 Nc6 6. e3 Qb6 7. Qb3 Nd7 8. cxd5
Qxb3 9. Nxb3 exd5 10. Bd2 c4 11. Nc1 Nf6 12. a3 Bd6 13. Bg2 O-O 14. O-O h6 15.
Ne2 Be6 16. Nf4 Bd7 17. Ne1 Ne7 18. Bf3 Bb5 19. Bc3 Bc6 20. Nh5 Nxh5 21. Bxh5
b5 22. Nc2 a5 23. f4 g6 24. Bg4 h5 25. Bh3 f5 26. Rf2 Kf7 27. Ne1 b4 28. Bd2
bxa3 29. bxa3 Rfb8 30. Nf3 Kf6 31. Ng5 Rb3 32. a4 Rab8 33. Nf3 c3 34. Be1 Ba3
35. Re2 Bb2 36. Ra2 R8b4 37. Ne5 Rxa4 38. Rxa4 Bxa4 39. Nd3 Rb8 40. Rf2 Nc6 41.
Bxc3 Bxc3 42. Nc5 Rb1+ 43. Rf1 Rxf1+ 44. Bxf1 Bc2 45. Bb5 Ne7 46. Nd7+ Kg7 47.
Nc5 Bb4 48. Ne6+ Kg8 49. Nc5 Bxc5 50. dxc5 a4 51. Bxa4 Bxa4 52. Kf2 Kf7 53. Ke2
Ke6 54. Kd3 Bb5+ 55. Kc3 Nc6 56. Kb3 Kd7 57. Kc3 Bc4 58. Kd2 Na7 59. Kc3 Nb5+
60. Kb4 Kc6 61. h3 Be2 62. Kb3 Kxc5 63. Kc2 Nd6 64. Kd2 Bf3 65. Kd3 Ne4 66. g4
0-1

[Event "13sen.WMD 2003 Seniorinnen"]
[Site "Bad Zwischenahn(17.11.-27.11)"]
[Date "2003.11.26"]
[Round "8.11"]
[White "Schoerghuber, Barbara"]
[Black "Karner, Irmgard"]
[Result "1/2-1/2"]
[WhiteElo "1457"]
[BlackElo "1640"]
[PlyCount "55"]
[EventDate "2003.11.??"]

1. d4 Nf6 2. e3 d6 3. c4 c6 4. Nc3 g6 5. Bd3 Bg7 6. Nge2 Nbd7 7. O-O Nb6 8. Rb1
O-O 9. a4 a5 10. Bd2 c5 11. d5 Bd7 12. b3 e6 13. e4 exd5 14. exd5 Ng4 15. Bf4
Ne5 16. Bc2 f5 17. Qc1 Nf7 18. Nd1 Re8 19. Bd3 Bc8 20. Bd2 Nd7 21. Ne3 Nf6 22.
f4 Ne4 23. Bxe4 Rxe4 24. Ng3 Re7 25. Bc3 Bxc3 26. Qxc3 Re8 27. Rb2 Ra7 28. Re2
1/2-1/2

[Event "13sen.WMD 2003 Seniorinnen"]
[Site "Bad Zwischenahn(17.11.-27.11)"]
[Date "2003.11.27"]
[Round "9.1"]
[White "Macek, Vlasta"]
[Black "Litinskaya, Marta_I"]
[Result "0-1"]
[WhiteElo "2211"]
[BlackElo "2410"]
[PlyCount "51"]
[EventDate "2003.11.??"]

1. d4 Nf6 2. Nf3 c5 3. g3 cxd4 4. Nxd4 d5 5. Bg2 e5 6. Nb3 Nc6 7. Bg5 Be6 8.
O-O Be7 9. Nc3 d4 10. Bxf6 gxf6 11. Ne4 Bd5 12. f3 f5 13. Nf2 Bg5 14. Qd3 Be3
15. c3 h5 16. cxd4 exd4 17. Qxf5 h4 18. Rfd1 hxg3 19. hxg3 Qd6 20. f4 Ne7 21.
Qg5 Bxg2 22. Nxd4 Qd5 23. Qxd5 Bxd5 24. Kf1 Rh2 25. Nf3 Rh8 26. Kg1 0-1

[Event "13sen.WMD 2003 Seniorinnen"]
[Site "Bad Zwischenahn(17.11.-27.11)"]
[Date "2003.11.27"]
[Round "9.2"]
[White "Khmiadashvili, Tamari"]
[Black "Abdikasova, Panno"]
[Result "1-0"]
[WhiteElo "2357"]
[BlackElo "2006"]
[PlyCount "75"]
[EventDate "2003.11.??"]

1. e4 g6 2. Nc3 Bg7 3. f4 d6 4. Bc4 e6 5. Nf3 a6 6. d4 Nd7 7. a4 b6 8. O-O h6
9. Re1 Ne7 10. Kh1 O-O 11. Be3 c5 12. Qd2 Kh7 13. Rad1 Qc7 14. d5 e5 15. fxe5
Nxe5 16. Nxe5 Bxe5 17. Bxh6 Rh8 18. Bf4 f6 19. Bxe5 fxe5 20. Rf1 Ng8 21. Qg5
Ra7 22. Rd2 Kg7 23. Be2 Rh6 24. b3 Qe7 25. Qxe7+ Rxe7 26. Kg1 Nf6 27. h3 g5 28.
Rd3 b5 29. axb5 axb5 30. Re3 b4 31. Nd1 g4 32. hxg4 Bxg4 33. Bxg4 Nxg4 34. Rg3
Rg6 35. Nf2 Nf6 36. Rxg6+ Kxg6 37. Ra1 Kg5 38. g3 1-0

[Event "13sen.WMD 2003 Seniorinnen"]
[Site "Bad Zwischenahn(17.11.-27.11)"]
[Date "2003.11.27"]
[Round "9.3"]
[White "Erenska-Barlo, Hanna"]
[Black "Fatalibekova, Elena"]
[Result "1/2-1/2"]
[WhiteElo "2247"]
[BlackElo "2291"]
[PlyCount "85"]
[EventDate "2003.11.??"]

1. e4 c6 2. d3 d5 3. Qe2 g6 4. Nf3 Bg7 5. g3 dxe4 6. dxe4 e5 7. Bg2 Ne7 8. O-O
O-O 9. Nc3 Qc7 10. a4 b6 11. Rd1 a5 12. b3 Na6 13. Ba3 Nb4 14. Bxb4 axb4 15.
Na2 c5 16. c3 Be6 17. Qc2 bxc3 18. Nxc3 h6 19. Nb5 Qb7 20. Nd6 Qb8 21. Rac1 Nc6
22. Nb5 Rd8 23. Rxd8+ Qxd8 24. Bf1 Nb4 25. Qb1 Bg4 26. Be2 Qe7 27. Kg2 Rd8 28.
Rd1 Rd7 29. Ng1 Bxe2 30. Nxe2 f5 31. f3 Qd8 32. Rxd7 Qxd7 33. Nbc3 Kf7 34. h4
h5 35. Qc1 Qd3 36. exf5 gxf5 37. Qg5 Na2 38. Qxh5+ Kf8 39. Qg6 Nxc3 40. Nxc3
Qxc3 41. Qd6+ Kf7 42. Qd7+ Kf6 43. Qd6+ 1/2-1/2

[Event "13sen.WMD 2003 Seniorinnen"]
[Site "Bad Zwischenahn(17.11.-27.11)"]
[Date "2003.11.27"]
[Round "9.5"]
[White "Strelnikova, Elena"]
[Black "Komycheva, Margarita"]
[Result "0-1"]
[WhiteElo "2153"]
[BlackElo "2208"]
[PlyCount "66"]
[EventDate "2003.11.??"]

1. e4 e5 2. Nf3 Nc6 3. Bc4 Bc5 4. c3 Bb6 5. d3 Nf6 6. Nbd2 d6 7. h3 Be6 8. Bb3
h6 9. Nf1 Qd7 10. Ng3 O-O-O 11. Bxe6 Qxe6 12. b4 Kb8 13. Qe2 g6 14. O-O Nd7 15.
a4 a5 16. b5 Ne7 17. d4 f5 18. Re1 f4 19. Nf1 g5 20. Kh2 Rdg8 21. Ba3 h5 22.
dxe5 dxe5 23. Qa2 Qf6 24. Kh1 g4 25. Ng1 Qg5 26. Qe6 Nc5 27. Bxc5 Bxc5 28. Ra2
Rh6 29. h4 Rxe6 30. hxg5 Rxg5 31. Rd1 Rd6 32. Rad2 Rg8 33. f3 g3 0-1

[Event "13sen.WMD 2003 Seniorinnen"]
[Site "Bad Zwischenahn(17.11.-27.11)"]
[Date "2003.11.27"]
[Round "9.6"]
[White "Beliaeva, Natalia"]
[Black "Richter, Hildegard"]
[Result "1-0"]
[WhiteElo "2097"]
[BlackElo "1713"]
[PlyCount "77"]
[EventDate "2003.11.??"]

1. f4 Nf6 2. Nf3 d5 3. e3 a6 4. b3 Bg4 5. Bb2 c5 6. Be2 e6 7. O-O Be7 8. d3 Nc6
9. Nbd2 Qc7 10. Ne5 Bxe2 11. Qxe2 Bd6 12. Ndf3 h6 13. Kh1 Rg8 14. c4 Ne7 15.
Rac1 Nh7 16. cxd5 exd5 17. e4 f6 18. exd5 O-O-O 19. Nf7 Rde8 20. Qe6+ Kb8 21.
Qxd6 Nf5 22. Qxc7+ Kxc7 23. Rxc5+ Kd7 24. Rfc1 Rc8 25. Ba3 Rxc5 26. Rxc5 Re8
27. N7e5+ fxe5 28. fxe5 Ng5 29. e6+ Kd8 30. d6 Nxe6 31. Rxf5 Nd4 32. Re5 Rf8
33. Bc5 Nc6 34. Re4 g5 35. h3 Rf5 36. b4 Kd7 37. Nd4 Rf7 38. Nxc6 bxc6 39. Re7+
1-0

[Event "13sen.WMD 2003 Seniorinnen"]
[Site "Bad Zwischenahn(17.11.-27.11)"]
[Date "2003.11.27"]
[Round "9.8"]
[White "Froeling, Philippa"]
[Black "Lein, Marina"]
[Result "0-1"]
[WhiteElo "1316"]
[BlackElo "1970"]
[PlyCount "108"]
[EventDate "2003.11.??"]

1. d4 Nf6 2. g3 g6 3. b3 Bg7 4. Bb2 O-O 5. Bg2 d5 6. Nd2 c6 7. c4 dxc4 8. bxc4
Na6 9. a3 Bd7 10. e4 Rb8 11. e5 Ng4 12. h3 Nh6 13. g4 b5 14. c5 Nc7 15. Ne2 Nd5
16. Bxd5 cxd5 17. Nc3 e6 18. Nf3 f6 19. g5 fxg5 20. Bc1 Rf5 21. Rg1 Qf8 22. Rg3
g4 23. hxg4 Nxg4 24. Rxg4 Rxf3 25. Be3 Qf7 26. Qd2 Rf8 27. Rg2 Rh3 28. O-O-O a5
29. Qb2 Rb8 30. Na2 Bh6 31. Bxh6 Rxh6 32. Qd2 Rh3 33. Qxa5 Qf4+ 34. Qd2 Qxd2+
35. Rxd2 Rxa3 36. Nb4 Rb3 37. Rb2 Rc3+ 38. Kd2 Rc4 39. Kd3 Ra8 40. Nc2 Raa4 41.
Rb3 Ra2 42. Na3 Ra1 43. Nxb5 Bxb5 44. Rxb5 Rd1+ 45. Ke2 Rdxd4 46. Rb8+ Kg7 47.
Rb7+ Kh6 48. Rh2+ Kg5 49. Rg2+ Rg4 50. Rxg4+ Kxg4 51. f3+ Kf4 52. Rf7+ Kxe5 53.
Rxh7 Rxc5 54. Kd3 Rc4 0-1

[Event "13sen.WMD 2003 Seniorinnen"]
[Site "Bad Zwischenahn(17.11.-27.11)"]
[Date "2003.11.27"]
[Round "9.9"]
[White "Korneeva, Tamara"]
[Black "Schoerghuber, Barbara"]
[Result "1/2-1/2"]
[WhiteElo "1879"]
[BlackElo "1457"]
[PlyCount "137"]
[EventDate "2003.11.??"]

1. d4 d5 2. Nf3 Nf6 3. e3 Bg4 4. Be2 e6 5. Ne5 Bxe2 6. Qxe2 c6 7. c4 Be7 8. Nc3
O-O 9. c5 Nbd7 10. Nxd7 Qxd7 11. b4 b6 12. a4 bxc5 13. bxc5 Rab8 14. O-O Rb3
15. Qc2 Rfb8 16. Rb1 Rxb1 17. Nxb1 Qc8 18. Nc3 Nd7 19. e4 Rb4 20. Be3 Qb7 21.
Rb1 Rxb1+ 22. Nxb1 dxe4 23. Qxe4 Nf6 24. Qc2 Nd5 25. Nd2 f5 26. Nf1 Bf6 27. Qc4
Kf7 28. Bd2 g6 29. g3 g5 30. h3 h5 31. Qd3 Kg7 32. Ne3 Ne7 33. Nc4 Ng6 34. Na5
Qd7 35. Bc3 e5 36. d5 Ne7 37. d6 Nd5 38. Bd2 f4 39. gxf4 exf4 40. Qf3 g4 41.
hxg4 hxg4 42. Qe4 g3 43. Bxf4 gxf2+ 44. Kxf2 Nxf4 45. Qxf4 Qe6 46. Kf3 Qd5+ 47.
Qe4 Qd1+ 48. Qe2 Qd5+ 49. Qe4 Qd1+ 50. Kg3 Qg1+ 51. Qg2 Qe1+ 52. Kh3+ Kf7 53.
Qxc6 Qe3+ 54. Kg2 Qe2+ 55. Kh3 Qe3+ 56. Kg4 Qe6+ 57. Kf3 Qf5+ 58. Ke2 Qc2+ 59.
Kf3 Qf5+ 60. Kg2 Qg6+ 61. Kf3 Qd3+ 62. Kg2 Qg6+ 63. Kf1 Qd3+ 64. Kg2 Qg6+ 65.
Kf3 Qd3+ 66. Kg4 Qg6+ 67. Kh3 Qf5+ 68. Kg2 Qc2+ 69. Kf3 1/2-1/2

[Event "13sen.WMD 2003 Seniorinnen"]
[Site "Bad Zwischenahn(17.11.-27.11)"]
[Date "2003.11.27"]
[Round "9.10"]
[White "Hoose, Hannelore"]
[Black "Hartlaub, Marianne"]
[Result "1/2-1/2"]
[WhiteElo "1671"]
[BlackElo "1536"]
[PlyCount "75"]
[EventDate "2003.11.??"]

1. e4 d6 2. d4 Nf6 3. Bd3 e5 4. dxe5 dxe5 5. Ne2 c6 6. O-O Be7 7. Nd2 Bg4 8. b3
O-O 9. Bb2 Nbd7 10. Nc4 Qc7 11. Qd2 b5 12. Ne3 Bxe2 13. Qxe2 Nc5 14. Nf5 Nxd3
15. Nxe7+ Qxe7 16. Qxd3 Rfd8 17. Qe2 a6 18. Bc1 h6 19. f3 Rac8 20. Be3 c5 21.
c4 Qb7 22. cxb5 axb5 23. Rac1 Rc6 24. Qb2 Nd7 25. Rfd1 f6 26. Rd5 Qc7 27. Rcd1
Kf7 28. Qf2 c4 29. Rxb5 cxb3 30. Qf1 bxa2 31. Rb2 Nf8 32. Rxd8 Qxd8 33. Rxa2
Kg8 34. Qa1 Qd6 35. Qb1 Ne6 36. h3 Kf7 37. Kh2 Kg6 38. g3 1/2-1/2